[Event "Deutsche Ländermeisterschaft 2021"]
[Site "Neumünster GER"]
[Date "2021.10.03"]
[Round "3"]
[White "Richter, Philipp"]
[Black "Gutkin, Ilya"]
[Result "0-1"]
[Termination "normal"]
[Board "2.2"]
[BlackTitle "FM"]
[WhiteElo "2227"]
[BlackElo "2300"]
[WhiteClock "00:39:12"]
[BlackClock "00:25:27"]
[WhiteTeam "Sachsen"]
[BlackTeam "Nordrhein-Westfalen"]
[PlyCount "128"]
[WhiteFideId "16219929"]
[BlackFideId "16203470"]
[EventCountry "GER"]
[EventRounds "7"]
[EventType "team-swiss"]
[EventDate "2021.10.01"]

1. d4 {[%clk 1:30:58]} e6 {[%clk 1:30:46]} 2. c4 {[%clk 1:31:24]} b6 {[%clk
1:31:13]} 3. Nc3 {[%clk 1:29:53]} Bb7 {[%clk 1:31:32]} 4. Nf3 {[%clk 1:30:00]}
f5 {[%clk 1:30:21]} 5. g3 {[%clk 1:30:15]} Bb4 {[%clk 1:29:48]} 6. Bg2 {[%clk
1:30:34]} Nf6 {[%clk 1:29:43]} 7. d5 {[%clk 1:26:50]} Bxc3+ {[%clk 1:28:01]} 8.
bxc3 {[%clk 1:27:10]} Na6 {[%clk 1:18:19]} 9. Ba3 {[%clk 1:19:36]} Ne4 {[%clk
1:16:05]} 10. Nd4 {[%clk 1:04:31]} Nec5 {[%clk 1:04:06]} 11. O-O {[%clk
1:00:38]} O-O {[%clk 0:58:43]} 12. Nb3 {[%clk 0:57:11]} d6 {[%clk 0:40:38]} 13.
Nxc5 {[%clk 0:56:03]} Nxc5 {[%clk 0:39:27]} 14. Bxc5 {[%clk 0:55:31]} dxc5
{[%clk 0:39:53]} 15. dxe6 {[%clk 0:47:22]} Bxg2 {[%clk 0:40:13]} 16. Kxg2
{[%clk 0:47:45]} Qe7 {[%clk 0:37:10]} 17. Qd7 {[%clk 0:45:48]} Qxd7 {[%clk
0:36:33]} 18. exd7 {[%clk 0:46:07]} Rad8 {[%clk 0:36:10]} 19. Rfd1 {[%clk
0:46:01]} Rf7 {[%clk 0:36:28]} 20. Rd5 {[%clk 0:46:23]} Rdxd7 {[%clk 0:35:40]}
21. Rad1 {[%clk 0:46:09]} Rde7 {[%clk 0:29:00]} 22. Kf3 {[%clk 0:42:53]} g6
{[%clk 0:27:48]} 23. e3 {[%clk 0:39:26]} h5 {[%clk 0:21:30]} 24. Ke2 {[%clk
0:35:59]} Kg7 {[%clk 0:15:29]} 25. Kd3 {[%clk 0:30:18]} Kf6 {[%clk 0:13:17]}
26. Ke2 {[%clk 0:19:23]} Ke6 {[%clk 0:10:44]} 27. Rd8 {[%clk 0:19:30]} Kf6
{[%clk 0:07:23]} 28. f3 {[%clk 0:19:27]} h4 {[%clk 0:06:02]} 29. Ra8 {[%clk
0:18:45]} hxg3 {[%clk 0:05:46]} 30. hxg3 {[%clk 0:19:05]} Rh7 {[%clk 0:05:46]}
31. Rf1 {[%clk 0:19:26]} a5 {[%clk 0:04:16]} 32. Rf8+ {[%clk 0:15:39]} Kg7
{[%clk 0:04:16]} 33. Rd8 {[%clk 0:16:00]} Rh2+ {[%clk 0:04:23]} 34. Rf2 {[%clk
0:16:18]} Rh1 {[%clk 0:04:51]} 35. g4 {[%clk 0:13:53]} fxg4 {[%clk 0:03:19]}
36. fxg4 {[%clk 0:14:16]} Rg1 {[%clk 0:03:33]} 37. Rf4 {[%clk 0:10:36]} Rg3
{[%clk 0:03:43]} 38. Kf2 {[%clk 0:08:40]} Rgxe3 {[%clk 0:03:05]} 39. Rff8
{[%clk 0:07:53]} Rxc3 {[%clk 0:00:47]} 40. g5 {[%clk 0:07:16]} Rf7+ {[%clk
0:00:54]} 41. Rxf7+ {[%clk 0:07:29]} Kxf7 {[%clk 0:01:13]} 42. Rd7+ {[%clk
0:07:35]} Ke6 {[%clk 0:01:38]} 43. Rxc7 {[%clk 0:07:55]} Rxc4 {[%clk 0:01:29]}
44. Rc6+ {[%clk 0:08:14]} Kf5 {[%clk 0:01:56]} 45. Rxb6 {[%clk 0:08:28]} Rc2+
{[%clk 0:00:34]} 46. Kg3 {[%clk 0:08:25]} Rxa2 {[%clk 0:29:36]} 47. Rb5 {[%clk
0:38:48]} Ra3+ {[%clk 0:29:54]} 48. Kf2 {[%clk 0:39:05]} Rc3 {[%clk 0:27:10]}
49. Rxa5 {[%clk 0:39:27]} Kxg5 {[%clk 0:27:35]} 50. Ke2 {[%clk 0:38:55]} Kf4
{[%clk 0:25:36]} 51. Kd2 {[%clk 0:39:07]} Rc4 {[%clk 0:26:02]} 52. Kd3 {[%clk
0:39:24]} Rd4+ {[%clk 0:26:19]} 53. Ke2 {[%clk 0:39:40]} Re4+ {[%clk 0:25:57]}
54. Kf2 {[%clk 0:39:56]} Rc4 {[%clk 0:25:20]} 55. Ra8 {[%clk 0:38:53]} Rc2+
{[%clk 0:25:35]} 56. Kf1 {[%clk 0:39:03]} g5 {[%clk 0:25:59]} 57. Ra7 {[%clk
0:39:02]} g4 {[%clk 0:26:13]} 58. Ra3 {[%clk 0:38:53]} c4 {[%clk 0:26:23]} 59.
Ke1 {[%clk 0:39:00]} g3 {[%clk 0:25:19]} 60. Kf1 {[%clk 0:39:12]} c3 {[%clk
0:25:22]} 61. Ra8 {[%clk 0:39:33]} Rf2+ {[%clk 0:25:11]} 62. Kg1 {[%clk
0:39:47]} c2 {[%clk 0:25:19]} 63. Rc8 {[%clk 0:39:16]} Rd2 {[%clk 0:25:31]} 64.
Rc4+ {[%clk 0:39:12]} Ke5 {[%clk 0:25:27]} 0-1

[Event "Deutsche Ländermeisterschaft 2021"]
[Site "Neumünster GER"]
[Date "2021.10.03"]
[Round "3"]
[White "Runte, Moritz"]
[Black "Lutz, Ruben"]
[Result "1/2-1/2"]
[Termination "normal"]
[Board "2.3"]
[WhiteElo "2151"]
[BlackElo "2114"]
[WhiteClock "00:01:33"]
[BlackClock "00:02:19"]
[WhiteTeam "Nordrhein-Westfalen"]
[BlackTeam "Sachsen"]
[PlyCount "69"]
[WhiteFideId "12991449"]
[BlackFideId "12975974"]
[EventCountry "GER"]
[EventRounds "7"]
[EventType "team-swiss"]
[EventDate "2021.10.01"]

1. e4 {[%clk 1:30:55]} e6 {[%clk 1:30:51]} 2. d4 {[%clk 1:31:09]} d5 {[%clk
1:31:13]} 3. Nc3 {[%clk 1:31:19]} Nf6 {[%clk 1:31:29]} 4. e5 {[%clk 1:31:37]}
Nfd7 {[%clk 1:31:49]} 5. f4 {[%clk 1:31:54]} c5 {[%clk 1:32:07]} 6. Nf3 {[%clk
1:32:14]} Nc6 {[%clk 1:32:26]} 7. Be3 {[%clk 1:32:25]} Be7 {[%clk 1:32:38]} 8.
Qd2 {[%clk 1:31:41]} O-O {[%clk 1:32:37]} 9. dxc5 {[%clk 1:31:38]} Nxc5 {[%clk
1:32:36]} 10. O-O-O {[%clk 1:31:00]} Qa5 {[%clk 1:30:40]} 11. Kb1 {[%clk
1:27:24]} Rd8 {[%clk 1:29:44]} 12. Qf2 {[%clk 1:05:04]} Bd7 {[%clk 1:20:59]}
13. h4 {[%clk 0:55:27]} Rac8 {[%clk 1:16:58]} 14. Bd2 {[%clk 0:36:13]} Na4
{[%clk 0:56:25]} 15. Nxa4 {[%clk 0:30:12]} Qxa4 {[%clk 0:56:50]} 16. Bd3 {[%clk
0:29:36]} Nb4 {[%clk 0:49:59]} 17. Bxb4 {[%clk 0:28:39]} Qxb4 {[%clk 0:50:10]}
18. Qe3 {[%clk 0:22:51]} Bc5 {[%clk 0:38:04]} 19. Bxh7+ {[%clk 0:15:33]} Kxh7
{[%clk 0:35:30]} 20. Ng5+ {[%clk 0:15:29]} Kg8 {[%clk 0:35:44]} 21. Qd3 {[%clk
0:14:44]} Kf8 {[%clk 0:20:29]} 22. c3 {[%clk 0:10:06]} Qb6 {[%clk 0:20:02]} 23.
Qh7 {[%clk 0:09:25]} Be8 {[%clk 0:08:06]} 24. Qh8+ {[%clk 0:09:09]} Ke7 {[%clk
0:08:32]} 25. Qxg7 {[%clk 0:09:22]} Ba3 {[%clk 0:02:24]} 26. Rd2 {[%clk
0:08:20]} Rxc3 {[%clk 0:01:08]} 27. f5 {[%clk 0:03:25]} Rdc8 {[%clk 0:01:00]}
28. fxe6 {[%clk 0:02:44]} Qc5 {[%clk 0:00:42]} 29. Qf6+ {[%clk 0:02:08]} Kf8
{[%clk 0:01:09]} 30. Qh8+ {[%clk 0:00:46]} Ke7 {[%clk 0:01:35]} 31. Qf6+ {[%clk
0:01:14]} Kf8 {[%clk 0:02:02]} 32. bxc3 {[%clk 0:00:38]} Qxc3 {[%clk 0:01:27]}
33. Qh8+ {[%clk 0:01:05]} Ke7 {[%clk 0:01:52]} 34. Qf6+ {[%clk 0:01:33]} Kf8
{[%clk 0:02:19]} 35. e7+ 1/2-1/2

[Event "Deutsche Ländermeisterschaft 2021"]
[Site "Neumünster GER"]
[Date "2021.10.03"]
[Round "3"]
[White "Ehrig, Leon Chris"]
[Black "Bashylina, Luisa"]
[Result "1-0"]
[Termination "normal"]
[Board "2.4"]
[BlackTitle "WCM"]
[WhiteElo "1796"]
[BlackElo "2000"]
[WhiteClock "00:07:19"]
[BlackClock "00:03:41"]
[WhiteTeam "Sachsen"]
[BlackTeam "Nordrhein-Westfalen"]
[PlyCount "71"]
[WhiteFideId "16244796"]
[BlackFideId "12983292"]
[EventCountry "GER"]
[EventRounds "7"]
[EventType "team-swiss"]
[EventDate "2021.10.01"]

1. e4 {[%clk 1:30:43]} c5 {[%clk 1:30:54]} 2. Nc3 {[%clk 1:31:08]} e6 {[%clk
1:31:10]} 3. f4 {[%clk 1:31:29]} Nc6 {[%clk 1:29:39]} 4. Nf3 {[%clk 1:31:14]}
d6 {[%clk 1:26:44]} 5. Bc4 {[%clk 1:31:09]} a6 {[%clk 1:26:41]} 6. a4 {[%clk
1:30:27]} Nf6 {[%clk 1:25:32]} 7. d3 {[%clk 1:22:01]} d5 {[%clk 1:23:45]} 8.
Bb3 {[%clk 1:18:58]} d4 {[%clk 1:09:45]} 9. Ne2 {[%clk 1:14:58]} Na5 {[%clk
1:04:13]} 10. Ba2 {[%clk 1:07:38]} b5 {[%clk 0:56:50]} 11. O-O {[%clk 0:58:13]}
Be7 {[%clk 0:55:50]} 12. Bd2 {[%clk 0:53:12]} Nc6 {[%clk 0:52:02]} 13. h3
{[%clk 0:45:47]} h5 {[%clk 0:41:30]} 14. Qe1 {[%clk 0:39:30]} c4 {[%clk
0:29:10]} 15. Ng5 {[%clk 0:31:24]} Bc5 {[%clk 0:19:56]} 16. e5 {[%clk 0:18:54]}
Nd5 {[%clk 0:16:03]} 17. Ne4 Qe7 {[%clk 0:11:45]} 18. Kh1 {[%clk 0:15:44]} Ndb4
{[%clk 0:08:44]} 19. Qg3 {[%clk 0:13:39]} Nxc2 {[%clk 0:05:46]} 20. Qxg7 {[%clk
0:13:29]} Qf8 {[%clk 0:05:37]} 21. Nf6+ {[%clk 0:11:00]} Kd8 {[%clk 0:05:48]}
22. Qg5 {[%clk 0:10:03]} Kc7 {[%clk 0:05:26]} 23. Rac1 {[%clk 0:08:18]} N2b4
{[%clk 0:05:06]} 24. Bb1 {[%clk 0:08:20]} Nxd3 {[%clk 0:03:46]} 25. Bxd3 {[%clk
0:08:39]} cxd3 {[%clk 0:04:11]} 26. Ng3 {[%clk 0:08:52]} Kb7 {[%clk 0:03:15]}
27. Nge4 {[%clk 0:07:26]} Be7 {[%clk 0:03:34]} 28. Qg3 {[%clk 0:07:39]} Qd8
{[%clk 0:02:45]} 29. Qf3 {[%clk 0:06:57]} Bd7 {[%clk 0:03:03]} 30. axb5 {[%clk
0:06:43]} axb5 31. Nc5+ {[%clk 0:06:34]} Bxc5 {[%clk 0:03:36]} 32. Rxc5 {[%clk
0:06:59]} Kb6 {[%clk 0:03:48]} 33. Rfc1 {[%clk 0:06:55]} Rc8 {[%clk 0:03:24]}
34. Qxd3 {[%clk 0:07:13]} Nxe5 {[%clk 0:03:27]} 35. fxe5 {[%clk 0:07:19]} Rxc5
{[%clk 0:03:41]} 36. Qxd4 1-0

[Event "Deutsche Ländermeisterschaft 2021"]
[Site "Neumünster GER"]
[Date "2021.10.03"]
[Round "3"]
[White "Müdder, Melanie"]
[Black "Peglau, Dora"]
[Result "1/2-1/2"]
[Termination "normal"]
[Board "2.5"]
[WhiteElo "1949"]
[BlackElo "1880"]
[WhiteClock "00:06:37"]
[BlackClock "00:30:18"]
[WhiteTeam "Nordrhein-Westfalen"]
[BlackTeam "Sachsen"]
[PlyCount "56"]
[WhiteFideId "12994103"]
[BlackFideId "16220005"]
[EventCountry "GER"]
[EventRounds "7"]
[EventType "team-swiss"]
[EventDate "2021.10.01"]

1. e4 {[%clk 1:30:58]} c6 {[%clk 1:30:55]} 2. d3 {[%clk 1:31:03]} d5 {[%clk
1:31:19]} 3. Nd2 {[%clk 1:31:27]} g6 {[%clk 1:31:36]} 4. Ngf3 {[%clk 1:31:45]}
Bg7 {[%clk 1:31:45]} 5. d4 {[%clk 1:32:08]} dxe4 {[%clk 1:31:09]} 6. Nxe4
{[%clk 1:32:23]} Bg4 {[%clk 1:29:36]} 7. c3 {[%clk 1:30:28]} Nd7 {[%clk
1:27:39]} 8. Bc4 {[%clk 1:25:14]} Bxf3 {[%clk 1:20:20]} 9. Qxf3 {[%clk
1:25:04]} Ngf6 {[%clk 1:20:00]} 10. a4 {[%clk 1:17:25]} O-O {[%clk 1:17:50]}
11. O-O {[%clk 1:14:42]} Nxe4 {[%clk 1:10:52]} 12. Qxe4 {[%clk 1:14:16]} e5
{[%clk 1:06:06]} 13. a5 {[%clk 0:55:08]} exd4 {[%clk 1:04:05]} 14. cxd4 {[%clk
0:44:27]} Nf6 {[%clk 0:58:59]} 15. Qc2 {[%clk 0:37:10]} Qxd4 {[%clk 0:55:53]}
16. Be3 {[%clk 0:31:58]} Qe5 {[%clk 0:54:36]} 17. h3 {[%clk 0:24:44]} Nd5
{[%clk 0:50:59]} 18. Bc5 {[%clk 0:22:58]} Rfe8 {[%clk 0:50:09]} 19. Qb3 {[%clk
0:17:56]} Qxb2 {[%clk 0:44:53]} 20. Rab1 {[%clk 0:16:41]} Qxb3 {[%clk 0:44:59]}
21. Rxb3 {[%clk 0:17:04]} b6 {[%clk 0:36:22]} 22. axb6 {[%clk 0:15:21]} axb6
{[%clk 0:36:35]} 23. Bxb6 {[%clk 0:14:18]} Nxb6 {[%clk 0:36:54]} 24. Rxb6
{[%clk 0:14:40]} c5 {[%clk 0:35:31]} 25. Rb7 {[%clk 0:13:25]} Rf8 {[%clk
0:35:40]} 26. Rc1 {[%clk 0:09:45]} Bd4 {[%clk 0:35:29]} 27. Rc2 {[%clk
0:07:53]} Kg7 {[%clk 0:33:45]} 28. Re2 {[%clk 0:06:37]} Rab8 {[%clk 0:30:18]}
1/2-1/2

[Event "Deutsche Ländermeisterschaft 2021"]
[Site "Neumünster GER"]
[Date "2021.10.03"]
[Round "3"]
[White "Peglau, Charis"]
[Black "Besou, Hussain"]
[Result "1-0"]
[Termination "normal"]
[Board "2.6"]
[WhiteElo "1820"]
[BlackElo "1995"]
[WhiteClock "00:15:18"]
[BlackClock "00:12:50"]
[WhiteTeam "Sachsen"]
[BlackTeam "Nordrhein-Westfalen"]
[PlyCount "131"]
[WhiteFideId "16219996"]
[BlackFideId "16269950"]
[EventCountry "GER"]
[EventRounds "7"]
[EventType "team-swiss"]
[EventDate "2021.10.01"]

1. d4 {[%clk 1:30:57]} Nf6 {[%clk 1:30:48]} 2. c4 {[%clk 1:31:22]} e6 {[%clk
1:31:12]} 3. Nc3 {[%clk 1:31:48]} Bb4 {[%clk 1:31:35]} 4. Bd2 {[%clk 1:32:13]}
c5 {[%clk 1:29:41]} 5. a3 {[%clk 1:29:41]} Bxc3 {[%clk 1:29:44]} 6. Bxc3 {[%clk
1:30:02]} Ne4 {[%clk 1:30:02]} 7. Qc2 {[%clk 1:27:22]} Nxc3 {[%clk 1:30:21]} 8.
Qxc3 {[%clk 1:27:29]} Qf6 {[%clk 1:16:15]} 9. Nf3 {[%clk 1:24:42]} cxd4 {[%clk
1:16:18]} 10. Qxd4 {[%clk 1:23:59]} Qxd4 {[%clk 1:16:34]} 11. Nxd4 {[%clk
1:24:17]} a6 {[%clk 1:16:58]} 12. g3 {[%clk 1:19:49]} Nc6 {[%clk 1:16:55]} 13.
O-O-O {[%clk 1:09:00]} Ne5 {[%clk 1:09:19]} 14. e4 {[%clk 1:08:25]} b6 {[%clk
1:09:16]} 15. b3 {[%clk 0:59:19]} Bb7 {[%clk 1:09:09]} 16. Bg2 {[%clk 0:58:00]}
f5 {[%clk 1:07:36]} 17. Rhe1 {[%clk 0:56:38]} Nf7 {[%clk 1:05:05]} 18. exf5
{[%clk 0:53:27]} Bxg2 {[%clk 1:04:14]} 19. fxe6 {[%clk 0:53:51]} Nd8 {[%clk
1:00:53]} 20. exd7+ {[%clk 0:50:57]} Kf7 {[%clk 1:00:58]} 21. Nf5 {[%clk
0:42:44]} Nb7 {[%clk 1:01:13]} 22. Rd4 {[%clk 0:36:50]} Rhd8 {[%clk 0:53:20]}
23. Rf4 {[%clk 0:32:47]} Kg8 {[%clk 0:51:01]} 24. Ne7+ {[%clk 0:32:53]} Kh8
{[%clk 0:51:25]} 25. Nc8 {[%clk 0:32:44]} Raxc8 {[%clk 0:48:54]} 26. dxc8=Q
{[%clk 0:33:00]} Rxc8 {[%clk 0:49:15]} 27. Kc2 {[%clk 0:21:29]} Bc6 {[%clk
0:37:32]} 28. Re6 {[%clk 0:18:40]} h6 {[%clk 0:37:43]} 29. Rf7 {[%clk 0:18:14]}
Bd5 {[%clk 0:38:05]} 30. Rxb7 {[%clk 0:18:16]} Bxe6 {[%clk 0:37:57]} 31. Rxb6
{[%clk 0:18:37]} Bf5+ {[%clk 0:36:35]} 32. Kc3 {[%clk 0:18:54]} Ra8 {[%clk
0:36:50]} 33. c5 {[%clk 0:19:05]} Kg8 {[%clk 0:36:03]} 34. c6 {[%clk 0:18:42]}
Kf7 {[%clk 0:35:17]} 35. Kc4 {[%clk 0:18:04]} Rd8 {[%clk 0:27:31]} 36. Kc5
{[%clk 0:15:07]} Bc8 {[%clk 0:25:31]} 37. Rb4 {[%clk 0:13:10]} Ke7 {[%clk
0:14:58]} 38. Re4+ {[%clk 0:11:51]} Kf6 {[%clk 0:12:11]} 39. Kb6 {[%clk
0:10:08]} Bf5 {[%clk 0:09:39]} 40. Rf4 {[%clk 0:07:10]} Ke5 {[%clk 0:07:41]}
41. c7 {[%clk 0:06:22]} Rd6+ {[%clk 0:06:20]} 42. Kb7 {[%clk 0:06:08]} Be6
{[%clk 0:06:19]} 43. c8=Q {[%clk 0:03:12]} Bxc8+ {[%clk 0:06:41]} 44. Kxc8
{[%clk 0:03:38]} Rd3 {[%clk 0:06:18]} 45. Rb4 {[%clk 0:01:56]} Rf3 {[%clk
0:05:16]} 46. Kb7 {[%clk 0:01:31]} a5 {[%clk 0:05:21]} 47. Rb5+ {[%clk
0:01:33]} Kd4 {[%clk 0:05:30]} 48. Kb6 {[%clk 0:29:33]} Rxf2 {[%clk 0:35:34]}
49. h4 {[%clk 0:25:14]} Rg2 {[%clk 0:35:15]} 50. Rxa5 {[%clk 0:24:06]} Rxg3
{[%clk 0:35:29]} 51. Rb5 {[%clk 0:24:13]} g5 {[%clk 0:33:00]} 52. hxg5 {[%clk
0:24:00]} Rxg5 {[%clk 0:30:47]} 53. a4 {[%clk 0:23:46]} Rg6+ {[%clk 0:29:12]}
54. Ka5 {[%clk 0:22:49]} Kc3 {[%clk 0:28:17]} 55. b4 {[%clk 0:21:30]} Kb3
{[%clk 0:19:01]} 56. Rh5 {[%clk 0:19:35]} Rg8 {[%clk 0:11:26]} 57. Rxh6 {[%clk
0:17:15]} Ra8+ {[%clk 0:11:48]} 58. Ra6 {[%clk 0:17:26]} Rb8 {[%clk 0:12:13]}
59. b5 {[%clk 0:17:24]} Kc4 {[%clk 0:11:36]} 60. Rc6+ {[%clk 0:16:08]} Kd5
{[%clk 0:11:32]} 61. Rc1 {[%clk 0:14:25]} Kd6 {[%clk 0:11:42]} 62. b6 {[%clk
0:14:21]} Ra8+ {[%clk 0:11:45]} 63. Kb5 {[%clk 0:14:43]} Kd7 {[%clk 0:12:06]}
64. b7 {[%clk 0:14:37]} Rb8 {[%clk 0:12:30]} 65. Kb6 {[%clk 0:15:00]} Kd6
{[%clk 0:12:50]} 66. Rc8 {[%clk 0:15:18]} 1-0

[Event "Deutsche Ländermeisterschaft 2021"]
[Site "Neumünster GER"]
[Date "2021.10.03"]
[Round "3"]
[White "Trunz, Michelle"]
[Black "Herrmann, Arthur"]
[Result "1/2-1/2"]
[Termination "normal"]
[Board "2.7"]
[WhiteElo "1722"]
[BlackElo "1385"]
[WhiteClock "00:58:09"]
[BlackClock "00:52:07"]
[WhiteTeam "Nordrhein-Westfalen"]
[BlackTeam "Sachsen"]
[PlyCount "43"]
[WhiteFideId "16227980"]
[BlackFideId "16287150"]
[EventCountry "GER"]
[EventRounds "7"]
[EventType "team-swiss"]
[EventDate "2021.10.01"]

1. d4 {[%clk 1:30:58]} Nf6 {[%clk 1:30:56]} 2. c4 {[%clk 1:31:19]} e6 {[%clk
1:31:21]} 3. Nf3 {[%clk 1:31:42]} Bb4+ {[%clk 1:31:35]} 4. Bd2 {[%clk 1:32:03]}
Bxd2+ {[%clk 1:31:34]} 5. Qxd2 {[%clk 1:32:21]} O-O {[%clk 1:31:34]} 6. g3
{[%clk 1:32:30]} d5 {[%clk 1:31:07]} 7. Bg2 {[%clk 1:32:35]} c6 {[%clk
1:30:23]} 8. b3 {[%clk 1:29:49]} Ne4 {[%clk 1:28:07]} 9. Qc2 {[%clk 1:26:56]}
Nd7 {[%clk 1:24:49]} 10. O-O {[%clk 1:26:53]} f5 {[%clk 1:21:38]} 11. Nbd2
{[%clk 1:25:39]} Re8 {[%clk 1:17:06]} 12. Ne5 {[%clk 1:19:02]} Nxe5 {[%clk
1:13:59]} 13. dxe5 {[%clk 1:16:55]} Nxd2 {[%clk 1:11:32]} 14. Qxd2 {[%clk
1:17:09]} dxc4 {[%clk 1:06:35]} 15. Rfd1 {[%clk 1:14:42]} Qxd2 {[%clk 1:05:51]}
16. Rxd2 {[%clk 1:15:04]} cxb3 {[%clk 1:05:16]} 17. axb3 {[%clk 1:15:27]} Kf7
{[%clk 1:03:32]} 18. b4 {[%clk 1:14:17]} Ke7 {[%clk 1:01:41]} 19. Rad1 {[%clk
1:14:12]} a5 {[%clk 0:57:34]} 20. Ra2 {[%clk 0:59:32]} Rd8 {[%clk 0:51:55]} 21.
Rxd8 {[%clk 0:59:37]} Kxd8 {[%clk 0:52:07]} 22. bxa5 {[%clk 0:58:09]} 1/2-1/2

[Event "Deutsche Ländermeisterschaft 2021"]
[Site "Neumünster GER"]
[Date "2021.10.03"]
[Round "3"]
[White "Müller, Cosima"]
[Black "Trunz, Tamila"]
[Result "1/2-1/2"]
[Termination "normal"]
[Board "2.8"]
[WhiteElo "1373"]
[BlackElo "1298"]
[WhiteClock "01:05:25"]
[BlackClock "00:08:24"]
[WhiteTeam "Sachsen"]
[BlackTeam "Nordrhein-Westfalen"]
[PlyCount "98"]
[WhiteFideId "34601490"]
[BlackFideId "16267885"]
[EventCountry "GER"]
[EventRounds "7"]
[EventType "team-swiss"]
[EventDate "2021.10.01"]

1. e4 {[%clk 1:30:58]} e5 {[%clk 1:30:53]} 2. Nf3 {[%clk 1:31:24]} Nc6 {[%clk
1:31:15]} 3. d4 {[%clk 1:31:48]} exd4 {[%clk 1:31:25]} 4. Nxd4 {[%clk 1:32:13]}
Nf6 {[%clk 1:31:37]} 5. Nc3 {[%clk 1:32:36]} Bb4 {[%clk 1:31:38]} 6. Nxc6
{[%clk 1:32:49]} bxc6 {[%clk 1:31:55]} 7. Bd3 {[%clk 1:33:11]} d5 {[%clk
1:23:48]} 8. exd5 {[%clk 1:33:25]} cxd5 {[%clk 1:23:48]} 9. O-O {[%clk
1:33:34]} O-O {[%clk 1:23:12]} 10. Bf4 {[%clk 1:32:20]} c6 {[%clk 1:21:29]} 11.
a3 {[%clk 1:31:14]} Ba5 {[%clk 1:20:12]} 12. h3 {[%clk 1:28:16]} Re8 {[%clk
1:18:09]} 13. Qf3 {[%clk 1:26:27]} Bc7 {[%clk 1:08:50]} 14. Bxc7 {[%clk
1:25:11]} Qxc7 {[%clk 1:09:12]} 15. Rfe1 {[%clk 1:24:17]} Be6 {[%clk 1:06:25]}
16. Ne2 {[%clk 1:21:41]} c5 {[%clk 1:00:42]} 17. c3 {[%clk 1:18:30]} Rad8
{[%clk 0:54:26]} 18. Rad1 {[%clk 1:12:58]} Rd6 {[%clk 0:46:56]} 19. Nf4 {[%clk
1:09:20]} Qd7 {[%clk 0:38:23]} 20. Nh5 {[%clk 1:02:59]} Nxh5 {[%clk 0:32:47]}
21. Qxh5 {[%clk 1:03:17]} h6 {[%clk 0:31:43]} 22. Qe2 {[%clk 1:02:29]} Rd8
{[%clk 0:29:53]} 23. Bb5 {[%clk 1:01:57]} Qe7 {[%clk 0:26:47]} 24. f4 {[%clk
0:58:52]} Qf6 {[%clk 0:24:07]} 25. Qe5 {[%clk 0:58:04]} Qxe5 {[%clk 0:21:06]}
26. Rxe5 {[%clk 0:57:48]} Rb8 {[%clk 0:19:17]} 27. Bc4 {[%clk 0:57:02]} Rbd8
{[%clk 0:14:02]} 28. f5 {[%clk 0:56:10]} dxc4 {[%clk 0:08:42]} 29. Rxd6 {[%clk
0:56:25]} Rxd6 {[%clk 0:08:13]} 30. fxe6 {[%clk 0:56:48]} fxe6 {[%clk 0:04:58]}
31. Rxc5 {[%clk 0:56:59]} Rb6 {[%clk 0:04:40]} 32. Rxc4 {[%clk 0:57:05]} Rxb2
{[%clk 0:04:55]} 33. Re4 {[%clk 0:56:45]} Kf7 {[%clk 0:04:06]} 34. Kh2 {[%clk
0:56:36]} g5 {[%clk 0:03:34]} 35. Ra4 {[%clk 0:55:51]} Rb7 {[%clk 0:03:43]} 36.
g4 {[%clk 0:55:37]} Rc7 {[%clk 0:02:16]} 37. c4 {[%clk 0:52:36]} Kf6 {[%clk
0:01:00]} 38. Kg3 {[%clk 0:50:43]} Re7 {[%clk 0:00:44]} 39. Kf3 {[%clk
0:50:09]} Kg6 {[%clk 0:00:36]} 40. c5 {[%clk 0:49:33]} Rc7 {[%clk 0:00:49]} 41.
Ra6 {[%clk 0:48:58]} Kf6 {[%clk 0:30:25]} 42. c6 {[%clk 1:13:57]} Ke5 {[%clk
0:30:14]} 43. Ke3 {[%clk 1:13:52]} Kd5 {[%clk 0:26:11]} 44. Kd3 {[%clk
1:13:03]} Kc5 {[%clk 0:25:01]} 45. a4 {[%clk 1:12:41]} Kd5 {[%clk 0:22:28]} 46.
Ke3 {[%clk 1:12:14]} Re7 {[%clk 0:20:07]} 47. Ra5+ {[%clk 1:08:51]} Kxc6 {[%clk
0:19:16]} 48. Kd4 {[%clk 1:07:14]} Rd7+ {[%clk 0:14:34]} 49. Ke4 {[%clk
1:05:25]} Rb7 {[%clk 0:08:24]} 1/2-1/2